| 000 | 01206cam a2200313 4500 | ||
|---|---|---|---|
| 001 | ABS@61468 | ||
| 008 | 040623n2004 000 0 eng u | ||
| 035 | _a(Sirsi) u126574 | ||
| 100 | _aManchester, S. | ||
| 245 | _aComposting and organic waste | ||
| 260 | _c2004 | ||
| 490 |
_aWastes Management _vJune 2004, 20-31(10) |
||
| 520 | _aSeries of articles on composting and organic waste. "Getting fired up over landfill" examines the risk of self-ignition at composting and waste processing sites. Biodegradable plastics and their decomposition are examined in "Will it waste away?" "Food glorious food" examines how food waste can be used to provide electricity and refrigeration. The final article, "Composting: aiming to meet its global goals", briefly considers the impact of composting on a global scale. | ||
| 590 | _aABS | ||
| 590 | _aABS | ||
| 650 | _aCOMPOSTING | ||
| 650 | _aLANDFILL SITES | ||
| 650 | _aFIRES | ||
| 650 | _aORGANIC WASTE | ||
| 650 | _aFOOD | ||
| 650 | _aALTERNATIVE ENERGY | ||
| 650 | _aBIODEGRADABLE WASTE | ||
| 650 | _aPLASTICS | ||
| 690 | _aWASTE MANAGEMENT | ||
| 700 | _aBardos, P. | ||
| 700 | _aColyer, E. | ||
| 700 | _aBreton, T. | ||
| 942 | _n0 | ||
| 999 |
_c117581 _d117581 |
||